| 000 | 00415nam a2200109Ia 4500 | ||
|---|---|---|---|
| 008 | 160909s9999 xx 000 0 und d | ||
| 100 | _aZhang, Tan. | ||
| 245 | _aUnderstanding physical education teacher motivation in relation to job resources and demands | ||
| 260 |
_bThe University of North Carolina at Greensboro _c2016 |
||
| 650 | _aEDUC/SPED | ||
| 856 | _uhttp://pqdtopen.proquest.com/doc/1795963583.html?FMT=ABS | ||
| 999 |
_c305020 _d305020 |
||